000 00249nam a22001217a 4500
008 260116b ||||| |||| 00| 0 eng d
041 _aeng
080 _a0001
100 _a02
101 _aMED
245 _aPediatrics
_cEpidemic
942 _2lcc
_cBK
999 _c60756
_d60756